Nguyên lý thiết kế kiến trúc

Gespeichert in:
Bibliographische Detailangaben
1. Verfasser: Tạ Trường Xuân
Format: Buch
Sprache:Vietnamese
Veröffentlicht: Xây dựng 1999
Tags: Tag hinzufügen
Keine Tags, Fügen Sie den ersten Tag hinzu!
Thư viện lưu trữ: Mạng thư viện Đại học Đà Nẵng
LEADER 00628nam a2200253 4500
001 000022047
003 18495
005 20150424130448.0
008 150424s1999 viesd
020 |c 35000 
041 0 |a vie 
082 1 4 |a 729  |b TA-X 
100 1 |a Tạ Trường Xuân 
245 1 0 |a Nguyên lý thiết kế kiến trúc  |c Tạ Trường Xuân 
260 |b Xây dựng  |c 1999 
300 |a tr.  |c cm. 
OWN |a LSP 
999 |a From the UDN01 
TYP |a Monograph 
TYP |a Printed language 
980 |a Mạng thư viện Đại học Đà Nẵng